00444nam a2200121Ia 4500008004100000245012800041260003900169260000900208300000700217650002600224650001200250856006000262170516s9999 xx 000 0 und d aLeukocyte DNA damage after reduced and conventional absorbed radiation doses using 3rd generation dual-source CT technology bEuropean Journal of Radiology Open c2016 a3: xRadiologic Technology xRadtech uhttp://www.sciencedirect.com/science/journal/23520477/3